00706nam a2200193Ia 4500952013700000999001700137003000400154005001700158008004100175020001800216040000900234082002200243100003800265245010000303260003800403300000900441650001200450942005000462 00102ddc40708HISTORYaMESbMEScHISd2019-02-20g325.00l0o954.035092 JOS/Gp27159r2019-02-20 00:00:00w2019-02-20yBKzGL37R2 c20866d20866OSt20200626150647.0190216s9999||||xx |||||||||||||| ||und|| a9788125024958 coclc a954.035092bJOS/G aJoseph, George Gheverghese 93289 0aGeorge Joseph The Life And Times Of A Kerala Christian Nationalist /cGeorge Gheverghese Joseph bOrient Longman,c2003.aHyderbad: a272p aHistory cBK2ddch954.035092iJOS/Gk954.035092mJOS/G